<?xml version="1.0" encoding="UTF-8"?>
<record
    xmlns:xsi="http://www.w3.org/2001/XMLSchema-instance"
    xsi:schemaLocation="http://www.loc.gov/MARC21/slim http://www.loc.gov/standards/marcxml/schema/MARC21slim.xsd"
    xmlns="http://www.loc.gov/MARC21/slim">

  <leader>00722aas a2200217   4500</leader>
  <datafield tag="999" ind1=" " ind2=" ">
    <subfield code="c">3977</subfield>
    <subfield code="d">3977</subfield>
  </datafield>
  <controlfield tag="003">BR-BrBNA</controlfield>
  <controlfield tag="005">20230317233943.0</controlfield>
  <controlfield tag="007">ta</controlfield>
  <controlfield tag="008">230119b bl ||||| |||| 00| 0 por d</controlfield>
  <datafield tag="035" ind1=" " ind2=" ">
    <subfield code="a">000485-5</subfield>
  </datafield>
  <datafield tag="040" ind1=" " ind2=" ">
    <subfield code="a">BR-BrBNA</subfield>
    <subfield code="b">Por</subfield>
    <subfield code="c">BR-BrBNA</subfield>
  </datafield>
  <datafield tag="042" ind1=" " ind2=" ">
    <subfield code="a">013878-9</subfield>
  </datafield>
  <datafield tag="044" ind1=" " ind2=" ">
    <subfield code="a">bl</subfield>
  </datafield>
  <datafield tag="245" ind1=" " ind2=" ">
    <subfield code="a">Boletim T&#xE9;cnico - Secretaria da Agricultura. Depto. da Produ&#xE7;&#xE3;o Animal (Brazil)</subfield>
  </datafield>
  <datafield tag="260" ind1=" " ind2=" ">
    <subfield code="a">Porto Alegre-RS</subfield>
    <subfield code="b">Secretaria da Agricultura - Departamento da Produ&#xE7;&#xE3;o Animal</subfield>
    <subfield code="c">1966. Data final de publica&#xE7;&#xE3;o em 1970</subfield>
    <subfield code="e">BRS</subfield>
  </datafield>
  <datafield tag="270" ind1=" " ind2=" ">
    <subfield code="a">Rua Gon&#xE7;alves Dias, 570 - 90000-000</subfield>
  </datafield>
  <datafield tag="310" ind1=" " ind2=" ">
    <subfield code="a">irregular</subfield>
  </datafield>
  <datafield tag="505" ind1=" " ind2=" ">
    <subfield code="a">1966 (3-5); 1967 (6,7fe,8-9,10fe,11-12); 1968-70 (13-18); </subfield>
  </datafield>
  <datafield tag="909" ind1=" " ind2=" ">
    <subfield code="a">56</subfield>
    <subfield code="b">Sergio Santos</subfield>
    <subfield code="c">56</subfield>
    <subfield code="d">Sergio Santos</subfield>
  </datafield>
  <datafield tag="942" ind1=" " ind2=" ">
    <subfield code="c">CR</subfield>
    <subfield code="2">AGRIS</subfield>
  </datafield>
  <datafield tag="952" ind1=" " ind2=" ">
    <subfield code="0">0</subfield>
    <subfield code="2">AGRIS</subfield>
    <subfield code="4">0</subfield>
    <subfield code="7">1</subfield>
    <subfield code="8">PERI&#xD3;DICOS</subfield>
    <subfield code="a">41918</subfield>
    <subfield code="b">41918</subfield>
    <subfield code="h">1966 (3-5)</subfield>
    <subfield code="l">0</subfield>
    <subfield code="p">2023-34021</subfield>
    <subfield code="r">2023-03-01</subfield>
    <subfield code="y">CR</subfield>
    <subfield code="1">0</subfield>
  </datafield>
  <datafield tag="952" ind1=" " ind2=" ">
    <subfield code="0">0</subfield>
    <subfield code="2">AGRIS</subfield>
    <subfield code="4">0</subfield>
    <subfield code="7">1</subfield>
    <subfield code="8">PERI&#xD3;DICOS</subfield>
    <subfield code="a">41918</subfield>
    <subfield code="b">41918</subfield>
    <subfield code="h">1967 (6,7fe,8-9,10fe,11-12)</subfield>
    <subfield code="l">0</subfield>
    <subfield code="p">2023-34022</subfield>
    <subfield code="r">2023-03-01</subfield>
    <subfield code="y">CR</subfield>
    <subfield code="1">0</subfield>
  </datafield>
  <datafield tag="952" ind1=" " ind2=" ">
    <subfield code="0">0</subfield>
    <subfield code="2">AGRIS</subfield>
    <subfield code="4">0</subfield>
    <subfield code="7">1</subfield>
    <subfield code="8">PERI&#xD3;DICOS</subfield>
    <subfield code="a">41918</subfield>
    <subfield code="b">41918</subfield>
    <subfield code="h">1968-70 (13-18)</subfield>
    <subfield code="l">0</subfield>
    <subfield code="p">2023-34023</subfield>
    <subfield code="r">2023-03-01</subfield>
    <subfield code="y">CR</subfield>
    <subfield code="1">0</subfield>
  </datafield>
</record>
